| 000 | 00837nam a22002657a 4500 | ||
|---|---|---|---|
| 999 |
_c349181 _d349181 |
||
| 003 | BLK | ||
| 005 | 20250721102424.0 | ||
| 008 | 200319b bu ||||| |||| 00| 0 bu d | ||
| 020 | _a978-619-7300-79-6 | ||
| 040 | _aBLK | ||
| 041 |
_aBUL _cBUL |
||
| 100 |
_aСтейнбах, Алис _eпърви автор _91299 |
||
| 139 |
_aСтейнбах, Алис _bС 75 |
||
| 245 |
_aБез резервации _cАлис Стейнбах; прев. Цветелина Лакова |
||
| 260 |
_9214255 _aСофия _bВакон _c2019 |
||
| 300 |
_a368 с. _c21 см |
||
| 380 | _aX | ||
| 700 |
_aЛакова, Цветелина Лакова _d1984- _9389898 |
||
| 852 | _bП | ||
| 942 |
_cKNG _n0 _s1 _016 |
||
| 999 | _d349181 | ||
| 999 | _d349181 | ||
| 999 | _d349181 | ||
| 944 |
_k30535 _lХристина Везирева |
||